Seven principal musical notes of the Hindus: With their presiding deities composed in celebration of the birthday of her most bracious majesty the empress of India (Record no. 54054)

MARC details
000 -LEADER
fixed length control field 00494nam a2200145Ia 4500
008 - FIXED-LENGTH DATA ELEMENTS--GENERAL INFORMATION
fixed length control field 230917s9999||||xx |||||||||||||| ||und||
040 ## - CATALOGING SOURCE
-- 86085
Original cataloging agency VIVEKANANDA LIBRARY
041 ## - Language
-- English
082 ## - DDC NUMBER
Classification number 783 T129S
100 ## - MAIN ENTRY--PERSONAL NAME
Personal name Sangita-Nayaka
245 #0 - TITLE STATEMENT
Title Seven principal musical notes of the Hindus: With their presiding deities composed in celebration of the birthday of her most bracious majesty the empress of India
260 ## - PUBLICATION, DISTRIBUTION, ETC. (IMPRINT)
Place of publication, distribution, etc Delhi
Name of publisher, distributor, etc B R Publishing Corporation
Date of publication, distribution, etc 1985
300 ## - PHYSICAL DESCRIPTION
Pages 51 p.
942 ## - ADDED ENTRY ELEMENTS (KOHA)
Koha item type Books
Holdings
Withdrawn status Lost status Damaged status Not for loan Location (home branch) Sublocation or collection (holding branch) Date acquired Koha issues (times borrowed) Koha full call number Accession No. Koha date last seen Koha item type
        VIVEKANANDA LIBRARY VIVEKANANDA LIBRARY 07/04/2003   783 T129S 123403 17/09/2023 Books
© Designed and Maintained by Vivekananda Library, MDU Rohtak